Guide to Design of Slabs-on-Ground
Saved in:
| Corporate Author: | |
|---|---|
| Format: | Book |
| Language: | English |
| Published: |
Farmington Hills:
American Concrete Institute,
2013
|
| Edition: | 9. vyd. |
| Subjects: | |
| Tags: |
No Tags, Be the first to tag this record!
|
MARC
| LEADER | 00000nam a22000003a 4500 | ||
|---|---|---|---|
| 001 | 0018668 | ||
| 003 | SK-STU | ||
| 005 | 20161115113129.4 | ||
| 007 | ta | ||
| 008 | 161115s ----xo-----e------000-0-----d | ||
| 020 | |a 978-0-87031-371-4 | ||
| 040 | |a STU |b slo | ||
| 041 | 0 | |a eng |h eng | |
| 044 | |a xxu | ||
| 245 | 1 | 0 | |a Guide to Design of Slabs-on-Ground |
| 250 | |a 9. vyd. | ||
| 260 | |a Farmington Hills: |b American Concrete Institute, |c 2013 | ||
| 300 | |a 72 s. | ||
| 650 | 0 | 7 | |a slab |
| 650 | 0 | 7 | |a soil |
| 650 | 0 | 7 | |a concrete |
| 710 | 2 | |a American Concrete Institute (ACI) |4 aut | |
| 996 | |c V* 52399/O-23556 |l VV14 |s P |a 0 |w 0018668_0001 | ||